<<Egy>> hagyományait őrző község életéből a névadó szellemi öröksége kötelez

Podrobná bibliografia
Hlavný autor: Bokor, Klára (Autor)
Médium: Článok
Jazyk:maďarčina
slovenčina
Fyzický popis:Fotogr.
ISSN:1335-6534
Predmet:

MARC

LEADER 00000nab a2200000 a 4500
001 vtls000877129
003 SK-MaSNL
005 20260319075114.0
008 160314c2004 xo 0 hun
015 |a SNBRB2004/06-19620 
035 |a CLN000228681 
040 |a SNKBUCL  |b slo  |c SNKBUCL  |e AACR2 
041 0 |a slo 
044 |a xo  |c SK 
080 |a 373.3(437.6)(=511.141)  |2 UDC-MRF-SK2 
080 |a 929 Csongrády, Lajos  |2 UDC-MRF-SK2 
080 |a 37-051(437.6)(=511.141)  |2 UDC-MRF-SK2 
100 1 |a Bokor, Klára  |4 aut  |9 857562 
245 1 0 |a <<Egy>> hagyományait őrző község életéből  |b a névadó szellemi öröksége kötelez  |c Bokor Klára 
300 |b Fotogr. 
600 1 7 |a Csongrády, Lajos  |y 1881-1911  |z Svodín (Slovensko)  |x pôsobenie  |2 snkbucl  |9 857563 
610 7 |a Základná škola L. Csongrádyho s vyučovacím jazykom maďarským (Svodín, Slovensko)  |2 snkbucl  |9 857564 
651 7 |a 404  |2 snkbucl  |9 296361 
773 0 |x 1335-6534  |t Remény  |g Roč. 15, č. 19 (2004), s. 5 
850 |a Slovenská národná knižnica v Martine 
852 |a SNK  |b KIS3GCP 
958 |a HU 
958 |a LX 
958 |a SK 
958 |a RBX 
999 |c 1375531  |d 1377461